|
|
|
|
| LEADER |
00000cam a2200000 7i4500 |
| 001 |
0000002927 |
| 002 |
000003168 |
| 005 |
20240403142229.0 |
| 006 |
a# ### ###s |
| 007 |
ta |
| 008 |
231030 my g s eng |
| 020 |
|
|
|a 0566002833
|
| 040 |
|
|
|a MBPJ
|b eng
|c MBPJ
|e rda
|
| 090 |
0 |
0 |
|a 352.05951
|b NOR
|
| 100 |
1 |
|
|a Norris, M. W ,
|e author
|
| 245 |
1 |
0 |
|a LOCAL GOVERNMENT IN PENINSULAR MALAYSIA
|c M. W. Norris
|
| 264 |
|
0 |
|a England :
|b Gower Publishing Company Limited
|c 1980
|
| 300 |
|
|
|a 121p. :
|b ill. ;
|c 22cm.
|
| 336 |
|
|
|a text
|2 rdacontent
|
| 337 |
|
|
|a unmediated
|2 rdamedia
|
| 338 |
|
|
|a volume
|2 rdacarrier
|
| 650 |
0 |
0 |
|a Local government
|z Malaysia
|
| 999 |
|
|
|a 036486
|b BUKU
|c MALAYSIANA
|e PERPUSTAKAAN KOMUNITI PETALING JAYA
|
| 999 |
|
|
|a 036708
|b BUKU
|c PINJAMAN
|e PERPUSTAKAAN KOMUNITI PETALING JAYA
|